[Event "Rilton Cup 48th"]
[Site "Stockholm"]
[Date "2018.12.29"]
[Round "3"]
[White "Louis, Thibault"]
[Black "D'Costa, Lorin AR"]
[Result "0-1"]
[WhiteElo "2236"]
[BlackElo "2390"]
[PlyCount "74"]
[EventDate "2018.12.27"]
[EventType "swiss"]
[EventRounds "9"]
[EventCountry "SWE"]
[SourceTitle "CBM 188 Extra"]
[Source "ChessBase"]
[SourceDate "2019.02.26"]
[SourceVersion "1"]
[SourceVersionDate "2019.02.26"]
[SourceQuality "1"]

1. e4 c5 2. Nf3 e6 3. c4 Nc6 4. Nc3 e5 5. a3 d6 6. b4 g6 7. d3 Bg7 8. Be2 Nge7 9. h4 h6 10. h5 g5 11. Nd2 0-0 12. g4 Nd4 13. Nf1 cxb4 14. axb4 b5 15. Ne3 Bb7 16. 0-0 Qd7 17. Bb2 Rfb8 18. Bf3 Bc6 19. c5 dxc5 20. bxc5 b4 21. Ncd5 Rb5 22. Rc1 Rc8 23. Nxe7+ Qxe7 24. Bxd4 exd4 25. Nf5 Qe5 26. Qb3 Rc7 27. Rc4 Qf4 28. Kg2 a5 29. Qb2 Be5 30. Rfc1 Kh7 31. Qb3 Rb8 32. Ra1 Ra7 33. Rcc1 a4 34. Qc4 Bb5 35. Rxa4 Bxc4 36. Rxa7 Qxc1 37. dxc4 Qxc4 0-1

[Event "Oslo op"]
[Site "Fornebu"]
[Date "2017.09.29"]
[Round "1"]
[White "Louis, Thibault"]
[Black "Tenold, Andreas"]
[Result "1-0"]
[WhiteElo "2207"]
[BlackElo "1625"]
[PlyCount "87"]
[EventDate "2017.09.29"]
[EventType "swiss"]
[EventRounds "10"]
[EventCountry "NOR"]
[SourceTitle "CBM 181 Extra"]
[Source "ChessBase"]
[SourceDate "2017.12.12"]
[SourceVersion "1"]
[SourceVersionDate "2017.12.12"]
[SourceQuality "1"]

1. e4 c5 2. Nf3 Nc6 3. Bb5 g6 4. Nc3 Bg7 5. 0-0 d6 6. d4 cxd4 7. Nxd4 Bd7 8. Be3 Nf6 9. f3 0-0 10. Bxc6 bxc6 11. Nb3 h6 12. Qd2 Kh7 13. Rad1 Qc7 14. Qf2 Be6 15. Rfe1 Rfd8 16. Nd4 Bc4 17. b3 Ba6 18. Na4 c5 19. Ne2 Nd7 20. c4 Ne5 21. Nac3 e6 22. h3 Nc6 23. Rd2 Qa5 24. Rc1 e5 25. Qh4 f5 26. Bg5 Rd7 27. Rcd1 Nd4 28. Nd5 Rf7 29. Nxd4 cxd4 30. exf5 Rxf5 31. Bf6 Bxf6 32. Nxf6+ Kg7 33. Ng4 h5 34. Nf2 Re8 35. Ne4 Qb6 36. Ng3 Rf4 37. Qg5 Kh7 38. Nxh5 Ref8 39. Nxf4 Rxf4 40. Qe7+ Kh6 41. Kh2 Bb7 42. Rd3 Qc6 43. R1d2 e4 44. Rxd4 1-0

[Event "Biel MTO op 50th"]
[Site "Biel"]
[Date "2017.07.24"]
[Round "1"]
[White "Louis, Thibault"]
[Black "Bartel, Mateusz"]
[Result "0-1"]
[WhiteElo "2207"]
[BlackElo "2608"]
[PlyCount "50"]
[EventDate "2017.07.24"]
[EventType "swiss"]
[EventRounds "9"]
[EventCountry "SUI"]
[SourceTitle "CBM 179 Extra"]
[Source "ChessBase"]
[SourceDate "2017.08.23"]
[SourceVersion "1"]
[SourceVersionDate "2017.08.23"]
[SourceQuality "1"]

1. e4 e6 2. d4 d5 3. e5 c5 4. c3 Qb6 5. Nf3 Bd7 6. Na3 Nc6 7. Nc2 f6 8. Bd3 fxe5 9. Nxe5 Nxe5 10. dxe5 g6 11. 0-0 c4 12. Be2 Bg7 13. Re1 Ne7 14. Bf3 0-0 15. Be3 Qc7 16. Bd4 Nc6 17. Qe2 Rf5 18. Ne3 Nxd4 19. cxd4 Rf4 20. Bxd5 Rxd4 21. Bxc4 Qxe5 22. Rad1 Rxd1 23. Qxd1 Qc7 24. Qb3 Re8 25. Bb5 Qa5 0-1

[Event "Paris-ch 92nd"]
[Site "Paris"]
[Date "2017.07.20"]
[Round "7"]
[White "Sochacki, Christophe"]
[Black "Louis, Thibault"]
[Result "1-0"]
[WhiteElo "2451"]
[BlackElo "2207"]
[PlyCount "53"]
[EventDate "2017.07.14"]
[EventType "swiss"]
[EventRounds "9"]
[EventCountry "FRA"]
[SourceTitle "EXT 2018"]
[Source "ChessBase"]
[SourceDate "2017.10.13"]
[SourceVersion "1"]
[SourceVersionDate "2017.10.13"]
[SourceQuality "1"]

1. c4 b6 2. e4 Bb7 3. Nc3 e5 4. Nf3 Nc6 5. d4 exd4 6. Nxd4 Nxd4 7. Qxd4 Ne7 8. Bf4 Nc6 9. Qe3 Bb4 10. 0-0-0 Bxc3 11. Qxc3 0-0 12. Qg3 Rc8 13. Be2 Ne7 14. e5 f5 15. e6 d6 16. Bh5 b5 17. Rhe1 Kh8 18. Bg5 h6 19. Bf7 bxc4 20. Rd4 f4 21. Rxf4 c5 22. Rf6 Ng8 23. Rxh6+ Nxh6 24. Bxd8 Rfxd8 25. Qh3 Bc6 26. g4 c3 27. bxc3 1-0

[Event "Montcada op-A 25th"]
[Site "Montcada"]
[Date "2017.07.03"]
[Round "9"]
[White "Louis, Thibault"]
[Black "Vega Gutierrez, Sabrina Neide"]
[Result "1-0"]
[WhiteElo "2229"]
[BlackElo "2427"]
[PlyCount "79"]
[EventDate "2017.06.26"]
[EventType "swiss"]
[EventRounds "9"]
[EventCountry "ESP"]
[SourceTitle "EXT 2018"]
[Source "ChessBase"]
[SourceDate "2017.10.13"]
[SourceVersion "1"]
[SourceVersionDate "2017.10.13"]
[SourceQuality "1"]

1. e4 c5 2. Nf3 e6 3. g3 Nc6 4. Bg2 d6 5. 0-0 Bd7 6. Qe2 Rc8 7. Rd1 h5 8. c3 Ne5 9. d4 Nxf3+ 10. Bxf3 cxd4 11. cxd4 h4 12. Nc3 Be7 13. Be3 Qa5 14. a3 Nf6 15. Rdc1 Nh7 16. Bg4 a6 17. b4 Qd8 18. f4 0-0 19. Bf3 Re8 20. g4 d5 21. e5 Rc4 22. Qd2 Qb6 23. Kg2 Rec8 24. f5 Qd8 25. Be2 R4c7 26. Bd3 Bg5 27. fxe6 Bxe3 28. Bxh7+ Kxh7 29. Qd3+ g6 30. exd7 Qxd7 31. Qxe3 Qxg4+ 32. Kf2 h3 33. Ne2 Qg2+ 34. Ke1 Qxh2 35. Rxc7 Rxc7 36. Kd2 Kg8 37. Qf3 Rc4 38. Kd3 Qg2 39. Qxg2 hxg2 40. Nc3 1-0

[Event "Reykjavik op"]
[Site "Reykjavik"]
[Date "2017.04.27"]
[Round "10"]
[White "Birkisson, Bjorn Holm"]
[Black "Louis, Thibault"]
[Result "0-1"]
[WhiteElo "2057"]
[BlackElo "2202"]
[PlyCount "62"]
[EventDate "2017.04.19"]
[EventType "swiss"]
[EventRounds "10"]
[EventCountry "ISL"]
[SourceTitle "CBM 178 Extra"]
[Source "ChessBase"]
[SourceDate "2017.06.22"]
[SourceVersion "1"]
[SourceVersionDate "2017.06.22"]
[SourceQuality "1"]

1. g3 d5 2. Bg2 e5 3. d3 Nc6 4. a3 h5 5. h4 Nh6 6. b4 a5 7. b5 Ne7 8. Nd2 Ng4 9. Bb2 Nf5 10. e4 Nxf2 11. Qf3 dxe4 12. dxe4 Nd4 13. Bxd4 Qxd4 14. Nb3 Qb2 15. Qxf2 a4 16. Ne2 axb3 17. 0-0 Be6 18. cxb3 Qxb3 19. Kh2 Qxb5 20. Nc3 Qc5 21. Qb2 Bd6 22. Nb5 0-0 23. Rfc1 Qb6 24. Qe2 Bg4 25. Qc4 Be6 26. Qe2 Bc5 27. Rab1 Bg4 28. Qc4 Bf2 29. Rc3 c6 30. a4 cxb5 31. Rxb5 Qd4 0-1

[Event "Reykjavik op"]
[Site "Reykjavik"]
[Date "2017.04.24"]
[Round "7"]
[White "Louis, Thibault"]
[Black "Karason, Askell Orn"]
[Result "1-0"]
[WhiteElo "2202"]
[BlackElo "2289"]
[PlyCount "51"]
[EventDate "2017.04.19"]
[EventType "swiss"]
[EventRounds "10"]
[EventCountry "ISL"]
[SourceTitle "CBM 178 Extra"]
[Source "ChessBase"]
[SourceDate "2017.06.22"]
[SourceVersion "1"]
[SourceVersionDate "2017.06.22"]
[SourceQuality "1"]

1. e4 d6 2. d4 Nf6 3. Nc3 g6 4. Bg5 h6 5. Bh4 c6 6. f4 Bg7 7. Qd2 b5 8. a3 0-0 9. Nf3 Bb7 10. Bd3 a5 11. 0-0 Qb6 12. e5 dxe5 13. fxe5 Nfd7 14. Bxe7 Re8 15. Bd6 Nxe5 16. Bxe5 Bxe5 17. Qxh6 Bxd4+ 18. Kh1 Bg7 19. Qh4 c5 20. Ng5 Re7 21. Qh7+ Kf8 22. Nxf7 Bf6 23. Qh6+ Ke8 24. Qxg6 Rxf7 25. Rae1+ Kf8 26. Qh6+ 1-0